Uber die religion : reden an die gebildeten unter ihren verachtern /

Bibliographic Details
Main Author: Schleiermacher, Friedrich, 1768-1834
Format: Book
Language:German
Published: Berlin : Deutsche Bibliothek, [between 1900 and 1999?]
Subjects:

MARC

Tag First Indicator Second Indicator Subfields
LEADER 00000cam a2200000 a 4500
001 in00000072864
005 20151008054643.0
008 800908q19001982gw 00010 ger d
035 |a (OCoLC)06688637 
035 |9 AAJ1286AM 
040 |a CLE  |c CLE  |d m.c.  |d TXA  |d UtOrBLW 
049 |a TXAM  |c [1195951] 
090 |a BL48  |b .S3 1900z 
092 |a 204  |b 791 
100 1 |a Schleiermacher, Friedrich,  |d 1768-1834. 
245 1 0 |a Uber die religion :  |b reden an die gebildeten unter ihren verachtern /  |c Friedr. Schleiermacher. 
264 1 |a Berlin :  |b Deutsche Bibliothek,  |c [between 1900 and 1999?] 
300 |a xiii, 227 pages ;  |c 17 cm. 
336 |a text  |b txt  |2 rdacontent 
337 |a unmediated  |b n  |2 rdamedia 
338 |a volume  |b nc  |2 rdacarrier 
650 0 |a Religion. 
999 |a MARS 
999 f f |s 2a2177d9-7448-3f78-b62e-962e6ec69862  |i 30565784-b85b-3291-b8b2-c9831fa88526  |t 0 
952 f f |p normal  |a Texas A&M University  |b College Station  |c Sterling C. Evans Library  |d Evans: Library Stacks  |t 0  |e BL48 .S3 1900z  |h Library of Congress classification  |i unmediated -- volume  |m A14806089180 
998 f f |a BL48 .S3 1900z  |t 0  |l Evans: Library Stacks